<?xml version="1.0" encoding="UTF-8"?>
<collection xmlns="http://www.loc.gov/MARC21/slim">
 <record>
  <leader>00712pamaa2200193   4500</leader>
  <controlfield tag="001">0000038664</controlfield>
  <controlfield tag="005">20090609090000.0</controlfield>
  <datafield tag="020" ind1="0" ind2="0">
   <subfield code="a">0879693495 (pbk) </subfield>
  </datafield>
  <datafield tag="090" ind1="0" ind2="0">
   <subfield code="a">QH434 </subfield>
   <subfield code="b">MIL 1992</subfield>
  </datafield>
  <datafield tag="100" ind1="1" ind2="0">
   <subfield code="a">MILLER </subfield>
  </datafield>
  <datafield tag="245" ind1="1" ind2="0">
   <subfield code="a">A short course in bacterial genetics : </subfield>
   <subfield code="b">a laboratory manaul and handbook for escherichia coli and related bacteria  </subfield>
   <subfield code="c">Jeffrey H. miller.</subfield>
  </datafield>
  <datafield tag="260" ind1="0" ind2="0">
   <subfield code="a">New York: </subfield>
   <subfield code="b">Cold Spring Harbor Laboratory Press, </subfield>
   <subfield code="c">1992.</subfield>
  </datafield>
  <datafield tag="300" ind1=" " ind2=" ">
   <subfield code="a">xviii, 27.6p.: </subfield>
   <subfield code="b">ill.; </subfield>
   <subfield code="c">26 cm.</subfield>
  </datafield>
  <datafield tag="500" ind1="0" ind2="0">
   <subfield code="a">Set of 2 Laboratory manual and handbook</subfield>
  </datafield>
  <datafield tag="650" ind1="0" ind2="0">
   <subfield code="a">Bacterial genetics -- </subfield>
   <subfield code="x">Technique </subfield>
  </datafield>
  <datafield tag="650" ind1="0" ind2="0">
   <subfield code="a">Escherichia coli -- </subfield>
   <subfield code="x">Genetics -- </subfield>
   <subfield code="y">Laboratory manuals </subfield>
  </datafield>
  <datafield tag="650" ind1="0" ind2="0">
   <subfield code="a">Bacterial genetics -- </subfield>
   <subfield code="x">Laboratory manual </subfield>
  </datafield>
 </record>
</collection>
